Successor States - Statistics

General Stats
  • This quiz has been taken 40 times
    33 since last reset
  • The average score is 10 of 28
Answer Stats
Hint Answer % Correct
Soviet Union Russian Federation
85%
East Germany Germany
81%
Byzantine/Eastern Roman Empire Ottoman Empire
81%
Republic of Texas United States
81%
People's Republic of Zanzibar Tanzania
77%
Ming Dynasty Qing Dynasty
73%
Delhi Sultanate Mughal Empire
54%
Weimar Republic Nazi Germany
50%
Kingdom of Cusco Inca Empire
46%
Phoenicia (in Africa) Carthage
38%
Kingdom of Pontus Roman Empire
35%
Achaemenid Empire Macedonian Empire
31%
Edo period Meiji period
31%
Rashidun Caliphate Umayyad Caliphate
31%
French 2nd Republic Second French Empire
27%
Kingdom of Mercia Kingdom of wessex
23%
Emirate of Granada Kingdom of Granada
19%
Kingdom of Afghanistan Republic of Afghanistan
19%
Mali Empire Songhai Empire
15%
Baekje Kingdom Unified Silla
15%
Goryeo Kingdom Joseon Kingdom
12%
Pattani Kingdom Thailand
12%
Shang Dynasty Zhou Dynasty
12%
Western Roman Empire Kingdom of Italy
8%
Assyrian Empire Median Empire
8%
Hyskos Dynasty Egyptian New Kingdom
4%
Principality of Smolensk Grand Duchy of Lithuania
4%
Chenla Civilization Khmer Empire
0%
No matching quizzes found
Score Distribution
Percent of People with Each Score
Percentile by Number Answered
Your Score History
You have not taken this quiz since the last reset